00517nam a2200193 a 4500001001300000003000900013005001700022008004100039020001000080082001700090100001700107245006500124260004200189300000900231500003500240505001000275650002100285700001700306nice12345678IN_TiNIC20260116011603.0050524s1936 oxfa grp 000 0 eng  ac10000a017.927bARB aArberry, A J aCatalogue of the Arabic Manuscript, Sufism and Ethics, Vol.2 aOxfordbOxford University Pressc1936 a198p aincludes index and biblioraphy2 aIndex aCatalogue-Arabic1 aArberry, A J